| 000 | 00425nam a2200181Ia 4500 | ||
|---|---|---|---|
| 008 | 210210b2010 xxu||||| |||| 00| 0 eng d | ||
| 020 | _a9788174465894 | ||
| 041 | _aeng | ||
| 082 | _a001.64 SHAF | ||
| 100 | _aSHARMA (Dhiraj) | ||
| 245 | _aFoundations of IT | ||
| 260 |
_aNew Delhi _bExcel Books _c2010 |
||
| 300 | _axiv,492 | ||
| 650 | _aIT | ||
| 650 | _aFoundations | ||
| 690 | _aComputer Science | ||
| 906 | _a072694 | ||
| 999 |
_c122526 _d122526 |
||